000 00961nam a2200253Ia 4500
003 OSt
005 20221005105151.0
006 a|||||r|||| 00| 0
007 ta
008 221004b |||||||| |||| 00| 0 hin d
020 _a9788179752845 (hbk)
_c200
024 _a102005
037 _b416, 23/03/2010, Swaraj Prakashan
_cTextual
040 _aCRL
_cCRL
_bhin
041 _2hin
_ahin
082 _a4,1:(D65,4), 152P9
100 _aटी. डी. एस. आलोक
_9623871
245 0 _aइलेक्ट्रानिक मीडिया
_b दशा एवं दिशा
246 _aIlekṭrānik mīḍiyā: dashā evan dishā
260 _aनई दिल्ली
_bअनामिका पब्लिशर्स भारत
_c2009
300 _a109पृ0
_ccm.
942 _h4,1:(D65,4), 152P9
_cTEXL
_2cc
999 _c1014986
_d1014986